000 00535nam a22001937a 4500
003 DO-SdBNP
005 20171127101036.0
008 171127b 1971 ck a| |||| 00| 0 spa d
040 _aBPMSU
_bspa
_cBPMSU
082 _axxxxx
_bxxxxx
100 1 _aOparin, A.
245 1 3 _aEl origen de la vida /
_cA. Oparin
250 _a5a ed.
260 _aColombia :
_bEdiciones Sudamerica,
_c1971.
300 _a108 p. :
_bil., ;
_c21 cm.
942 _2ddc
_cBK
945 _aInventariado extranjero / 2017 BT
956 _aBTAVAREZ
_b10
_c20171127
_d0038
999 _c13107
_d13107